Statystyki dla Największe gminy w Polsce

Kliknij tutaj aby rozwiązać quiz!

Ogólne statystyki

  • Ten quiz został rozwiązany 6 razy
    (5 od ostatniego zresetowania)
  • Średni wynik to 2 z 15

Statystyki odpowiedzi

Powierzchnia ( w km2)WojewództwoGmina% Poprawnych
517mazowieckieM. st. Warszawa
75%
458pomorskieChojnice
25%
443podkarpackieKomańcza
25%
575zachodniopomorskieWałcz
25%
430podlaskieBielsk Podlaski
0%
484zachodniopomorskieBorne Sulinowo
0%
438zachodniopomorskieGoleniów
0%
481zachodniopomorskieKalisz Pomorski
0%
475podkarpackieLutowiska
0%
466pomorskieMiastko
0%
431dolnośląskieMilicz
0%
436dolnośląskieOsiecznica
0%
634warmińsko-mazurskiePisz
0%
500zachodniopomorskieSzczecinek
0%
479podkarpackieUstrzyki Dolne
0%

Rozkład punktacji

Percentyl według liczby udzielonych odpowiedzi

Procent ludzi z każdym wynikiem

Twoja historia wyników

Nie rozwiązałeś tego quizu od ostatniego zresetowania